Statistiques concernant Liste des Films d'Animations des Studios Blue Sky

Cliquez ici pour prendre le quiz!

Statistiques générales

  • Ce quiz a été pris 97 fois
  • Le résultat moyen est 8 sur 13

Statistiques - réponses

HintRéponse% Correct
2002L'Age de Glace
96%
2006L'Age de Glace 2
85%
2009L'Age de Glace 3 : Le Temps des Dinoasaures
85%
2012L'Age de Glace 4 : La Dérive des Continents
83%
2016L'Age de Glace : Les Lois de l'Univers
80%
2011Rio
79%
2014Rio 2
71%
2005Robots
45%
2013Epic : La Bataille du Royaume Secret
41%
2017Ferdinand
40%
2008Horton
39%
2015Snoopy et les Peanuts
33%
2019Les Incognitos
32%

Distribution des résultats

Percentile par nombre de réponses

% des personnes avec chaque résultat

Votre développement - résultats

Vous n’avez pas pris ce quiz